000
00298nam a22001337a 4500
008
170614b xxu||||| |||| 00| 0 eng d
020
_a
0887381324
041
_a
eng
080
_a
32
100
_a
19
101
_a
SHP
245
_a
POLITICS AND PETROLEUM IN ECUADOR
_c
MARTZ,J.D
942
_2
udc
_c
BK
999
_c
17423
_d
17423